Quanh Năm Cười - Cười Như Pháo Nổ

محفوظ في:
التفاصيل البيبلوغرافية
المؤلف الرئيسي: Dương thu ái- Nguyễn kim hanh
التنسيق: كتاب
اللغة:Vietnamese
منشور في: VH-TT 2014
الوسوم: إضافة وسم
لا توجد وسوم, كن أول من يضع وسما على هذه التسجيلة!
Thư viện lưu trữ: Mạng thư viện Đại học Đà Nẵng
LEADER 00644nam a2200277 4500
001 000026211
003 206
005 20150204120000.0
008 150204s vm 000 vie
020 |c 38000,0000 
040 |a D1 
100 |a Dương thu ái- Nguyễn kim hanh 
245 |a Quanh Năm Cười - Cười Như Pháo Nổ 
260 |b VH-TT  |c 2014 
300 |a 199tr. ; 
OWN |a LTT 
999 |a From the UDN01 
TYP |a Monograph 
TYP |a Printed language 
980 |a Mạng thư viện Đại học Đà Nẵng